| 000 | 00927cam a2200265 a 4500 | ||
|---|---|---|---|
| 001 | 000013849 | ||
| 005 | 20240731114020.0 | ||
| 008 | 810916s1982 mx 000 0 spa | ||
| 020 | _a9681600258 | ||
| 040 |
_aDO-SdBNP _bspa _cBNPHU |
||
| 082 |
_a335.4 _bM392c, 1982 |
||
| 100 | 1 |
_aMarx, Carlos, _d1818-1883 _95975 |
|
| 245 | 1 | 3 |
_aEl capital : _bcrítica de la economía política / _cCarlos Marx ; versión del alemán por Wenceslao Roces. |
| 250 | _a17a ed. | ||
| 260 |
_aMéxico, D. F. : _bFondo de Cultura Económica, _c1982. |
||
| 300 |
_av. ; _c22 cm. |
||
| 500 | _aLa biblioteca posee el volumen 1. | ||
| 500 | _aTraducido del alemán. | ||
| 504 | _aIncluye referencias bibliográficas y notas al pie de las páginas. | ||
| 650 | 0 |
_aCapital _93797 |
|
| 650 | 0 |
_aEconomía política _95976 |
|
| 650 | 0 |
_aCapitalismo _9280 |
|
| 700 | 1 |
_aRoces, Wenceslao, _etr. _931367 |
|
| 910 | _aValidado. Control de calidad BNPHU | ||
| 999 |
_c13459 _d13459 |
||